00326 2200133 4500001002100000005001500021035002000036245005800056100001300114260003100127082000800158084001400166990001200180INLIS00000000000209520250527100127 a0010-05250003871 aA Kiss Good Night "Kecupan Selamat Malam" /cBiligual0 aBiligual aJakarta :bErlangga,c2008 a700 a700 BIL a a0713119